| 000 | 00381 a2200157 4500 | ||
|---|---|---|---|
| 001 | 74715 | ||
| 020 | _a9788534702300 | ||
| 040 | _cAnchieta - Colégio São Paulo | ||
| 100 | _aAlmeida, Gercilga de. | ||
| 240 | 1 | 0 |
_aBruna e a galinha D angola _lpor |
| 245 | 1 | 0 | _aBruna e a galinha D angola |
| 300 | _a24 | ||
| 362 | 0 | _a2011 | |
| 650 | 4 | _aLiteratura infanto-juvenil | |
| 942 | _cBK | ||
| 999 |
_c74715 _d74715 |
||